000 00275nam a22001217a 4500
008 170630b xxu||||| |||| 00| 0 eng
041 _aeng
080 _a82
100 _a82
101 _a22
245 _aKINGREAR FOLGER SHKESPEARE LIBRARY
_cSCHUSTER.S
942 _2udc
_cBK
999 _c19684
_d19684